000 00289nam a22001337a 4500
008 180127b xxu||||| |||| 00| 0 eng d
020 _a9780534628888
041 _aeng
080 _a341
100 _a14
101 _aSHJ
245 _aCommunity Policing
_cMiller, L.S
942 _2udc
_cBK
999 _c41104
_d41104